[Event "St Petersburg op"]
[Site "St Petersburg"]
[Date "1994.??.??"]
[Round "4"]
[White "Kharitonov, Andrei Y"]
[Black "Rustemov, Alexander"]
[Result "1-0"]
[WhiteElo "2535"]
[BlackElo "2435"]
[Annotator "Belov,I"]
[PlyCount "95"]
[EventDate "1994.02.??"]
[EventType "swiss"]
[EventRounds "9"]
[EventCountry "RUS"]
[SourceTitle "CBM 041"]
[Source "ChessBase"]
[SourceDate "1994.08.01"]
[SourceVersion "1"]
[SourceVersionDate "1994.08.01"]
[SourceQuality "1"]

1. d4 f5 2. g3 Nf6 3. Bg2 g6 4. Nf3 Bg7 5. O-O (5. c3 O-O 6. Bg5 c6 7. Nbd2 d5
8. Ne5 Nbd7 9. Bf4 Nxe5 10. Bxe5 Bh6 11. Nf3 Qb6 12. Qc2 Be6 13. O-O Nd7 $10 {
Beliavsky,A-Gurevich,M/SSSR(ch)/1988/0,5 (41) Inf 46/132/}) 5... d6 (5... O-O
6. c3 a5 (6... Kh8 7. Nbd2 c6 8. Ne1 $1 d6 9. Nd3 Nbd7 10. a4 e5 11. dxe5 Nxe5
12. Nxe5 dxe5 13. e4 $14 {Szilagyi,P-Gurevich,M/Budapest/1987/ Inf 44/111/}) 7.
Nbd2 Na6 8. Nc4 c6 9. a4 d6 10. Qb3 Be6 11. Ng5 Bxc4 12. Qxc4+ d5 13. Qd3 Qd7
14. Bf4 Rae8 15. Be5 $14 {Gligoric,S-Kovacevic,V/Bugoino/1984/1:0 (33) 37/121/}
) 6. c3 (6. Nbd2 O-O 7. Re1 Ne4 (7... Nc6 $5) 8. Nxe4 fxe4 9. Ng5 d5 10. f3 h6
11. Nh3 Nc6 12. c3 e5 13. dxe5 Nxe5 14. fxe4 $16 {Dydyshko,V-Ibragimov,I/Azov/
1991/0,5 (50)/}) 6... Nc6 (6... O-O 7. Qb3+ (7. Nbd2 Kh8 8. Re1 Nc6 9. e4 f4 (
9... fxe4 10. Nxe4 Nxe4 11. Rxe4 e5 12. Bg5 $16 {Gligoric,S-Rajkovic,D/JUG/
1975/ Inf 19/75/}) 10. d5 Ne5 11. Nxe5 dxe5 12. Nc4 Ng4 13. f3 Nh6 14. a4 g5
15. g4 $16 {Kiselev,S-Knezevic,M/Podolsk/1991/1:0 (40)/}) 7... Kh8 8. Ng5 d5 9.
Nd2 c6 (9... c5 $5 10. dxc5 Nc6 $13) 10. Ndf3 Qe8 11. Ne5 $14 {Kozul,
Z-Blagojevic,D/JUG/1988/ Inf 47/134/}) 7. Nbd2 e5 (7... O-O 8. Re1 (8. b4 $5
Qe8 (8... a6 9. Qb3+ Kh8 (9... e6 10. Bb2 Qe7 (10... Kh8 11. a4 $5 h6 12. c4
Qe8 13. d5 Nd8 14. dxe6 Bxe6 15. Rfe1 Bg8 16. Bc3 g5 17. Nd4 $16 {Dragomarezky,
E-Touzane,O/Moscow/1991/}) 11. c4 Kh8 12. d5 Nd8 13. Rfe1 e5 14. e4 f4 15. c5
Nf7 16. a4 Rb8 17. Rac1 $16 {Podgaets,M-Malaniuk,V/Odessa/1988/}) 10. d5 Ne5
11. Nd4 Nh5 12. Bb2 f4 13. c4 Bd7 14. N2f3 Nxf3+ 15. Nxf3 e5 16. dxe6 Bxe6 17.
Bxg7+ Nxg7 18. Nd4 $16 {Dragomarezky,E-Depasguale,C/Moscow/1991/1:0 (42)/}) 9.
Qb3+ Kh8 10. d5 Nd8 11. Bb2 e5 12. dxe6 Nxe6 13. Rfe1 Ne4 $6 14. c4 Qf7 15.
Rac1 $16 {Kiselev,S-Hamgokov,A/Moscow/1989/1:0 (28)/}) 8... e5 9. dxe5 Nxe5 (
9... dxe5 10. e4 f4 11. gxf4 exf4 12. e5 $16) 10. Nxe5 dxe5 11. e4 f4 12. Nc4
fxg3 13. hxg3 Qe7 14. b3 Re8 $10 {Kaplun,L-Gurevich,M/SSSR/1983/0:1 (41) Inf
36/137/}) 8. dxe5 dxe5 (8... Nxe5 9. Nxe5 dxe5 10. Qb3 c6 11. e4 $16 {Gurevich,
M/}) 9. e4 f4 (9... fxe4 10. Ng5 e3 11. Qb3 $1 $16 {Gurevich,M/}) 10. b4 (10.
gxf4 Nh5 11. fxe5 O-O 12. Nc4 $13) 10... a6 11. a4 Nh5 $6 (11... O-O 12. Ba3 (
12. Bb2 $5 Re8 13. b5 Nb8 14. c4 $16) 12... Re8 13. b5 Na5 14. Bb4 b6 $13) 12.
Ba3 Be6 13. Qe2 Nb8 $2 (13... O-O $5) 14. Rfd1 Nd7 15. Nc4 Qf6 16. b5 Bf8 $8
17. Bb4 $1 (17. Bxf8 Kxf8 $10) 17... Bxb4 (17... Bc5 $6 18. Rxd7 $1 Bxb4 19.
Rxc7 $16) (17... Be7 18. Na5 b6 19. Nc6 $16) 18. cxb4 axb5 19. axb5 Rxa1 20.
Rxa1 O-O 21. Rc1 (21. Ra7 $6 Bg4 22. Ncd2 fxg3 23. hxg3 Nxg3 $1 24. fxg3 Qb6+
$19) 21... Bg4 22. Ncd2 Rf7 $5 (22... Rc8 23. Qc4+ Be6 24. Qc3 $16) 23. Qc4 (
23. Rxc7 $6 fxg3 24. hxg3 Qb6 25. Rc8+ Nf8 $14) 23... Ng7 (23... Nb6 24. Qb3
Kg7 25. Rc5 $16) 24. Qxc7 Ne6 25. Qd6 Kg7 26. Rc3 Nd4 $2 (26... h6 $16) 27.
Qxf6+ Kxf6 28. Nxd4 exd4 29. Rd3 Ne5 (29... Ke5 30. Nc4+ $18) 30. Rxd4 Rc7 31.
f3 $1 fxg3 $5 32. hxg3 (32. fxg4 Rc1+ 33. Nf1 (33. Bf1 gxh2+ 34. Kxh2 Rxf1 $1
$13) 33... gxh2+ 34. Kxh2 Rxf1 35. Bxf1 Nf3+ $17) 32... Be6 33. Bf1 Rc2 34. Be2
g5 35. Kf2 h5 36. f4 $18 Ng4+ 37. Bxg4 Bxg4 38. Ke3 gxf4+ 39. Kxf4 $1 Ke6 40.
e5 Ke7 41. Ne4 Rc8 42. Nf6 Be2 43. Kf5 Bxb5 44. Nd5+ Ke8 45. e6 Rc1 46. Kf6 Be2
47. Nf4 Bg4 48. Rd7 1-0

[Event "RUS-sf"]
[Site "Lipetsk"]
[Date "1993.??.??"]
[Round "?"]
[White "Zimmerman, Yuri"]
[Black "Nikuljshin, Konstantin"]
[Result "1-0"]
[WhiteElo "2410"]
[BlackElo "2415"]
[Annotator "Belov,I"]
[PlyCount "45"]
[EventDate "1993.??.??"]
[EventType "swiss"]
[EventRounds "7"]
[EventCountry "RUS"]
[SourceTitle "CBM 038"]
[Source "ChessBase"]
[SourceDate "1994.02.01"]
[SourceVersion "1"]
[SourceVersionDate "1994.02.01"]
[SourceQuality "1"]

1. d4 f5 2. g3 Nf6 3. Bg2 g6 4. Nh3 Bg7 (4... d6 5. Nc3 $5 (5. Nf4 c6 6. h4 e5
7. dxe5 dxe5 8. Qxd8+ Kxd8 9. Nd3 Nbd7 10. Bg5 Be7 $10 {Eingorn,V-Dolmatov,S
Moscow 1990/}) 5... Bg7 6. Nf4 c6 7. d5 e5 8. dxe6 d5 $1 9. h4 Qa5 10. h5 g5
11. h6 Bf8 12. Nh5 $13 {Korchnoi,V-Gurevich,M Rotterdam 1990/}) 5. Nf4 Nc6 (
5... O-O 6. h4 d6 (6... Bh8 7. Nd2 Nc6 8. c3 e6 9. d5 exd5 10. Nxd5 Ne7 11.
Nxf6+ Bxf6 12. Nf3 d5 13. h5 $16 {Fokin,S-Vyzmanavin,A Smolensk} Kh8 {Fokin,
S-Vyzmanavin,A Smolensk 1989/}) (6... c6 7. h5 Qe8 8. hxg6 hxg6 9. c3 $1 d6 10.
Qb3+ e6 11. Nd2 g5 $8 12. Nh3 Nh7 13. Nc4 $14 {Cifuentes Parada,R-Reinderman,D
Groningen 1992 Inf 56/97/}) 7. c3 c6 8. Qb3+ d5 9. h5 g5 10. h6 Bh8 11. Nd3 g4
12. Bf4 $14 {Savchenko,S-Malaniuk,V Herson 1989/}) (5... d6 6. d5 c6 7. Nc3 O-O
(7... cxd5 8. Nfxd5 $1 Nbd7 9. O-O O-O 10. e4 $1 fxe4 11. Bg5 $1 Ne5 12. Bxf6
exf6 13. Nxe4 $16 {Ikonnikov,V-Gagarin,V Pavlodar 1991 Inf 52/101/}) 8. h4 Ng4
(8... cxd5 $5 9. Ncxd5 e6 10. Nxf6+ Bxf6 11. e4 fxe4 12. Bxe4 Qa5+ 13. c3 Qe5
14. Qe2 d5 $10 {Khenkin/}) 9. O-O Ne5 10. e4 Na6 11. exf5 Bxf5 12. h5 (12. Ne6
$5) 12... Nc7 13. hxg6 hxg6 {Khenkin,I-Wilson,J Gausdal 1992 Inf 54/84; 14.Re1
/}) 6. h4 (6. d5 Ne5 7. h4 c6 8. Nc3 O-O 9. h5 cxd5 10. hxg6 hxg6 11. Ncxd5
Nxd5 12. Bxd5+ e6 13. Bg2 Qb6 14. c3 d5 15. Qb3 $1 Qxb3 16. axb3 Kf7 $13 {
Pugachev,A-Rublevsky,S SSSR 1991 Inf 52/101/}) 6... O-O (6... d6 7. h5 e5 8. h6
Bf8 9. dxe5 dxe5 10. Nd5 Nxd5 11. Bxd5 Bd7 $14) (6... Ng4 7. d5 Nce5 8. Nc3 Nf7
9. e4 e5 10. dxe6 dxe6 11. Qxd8+ Kxd8 12. O-O $14 {Malaniuk,V-Borge,N
Kobenhavn 1992 Inf 56/97/}) (6... e5 $5 7. dxe5 Nxe5 8. Nc3 c6 $1 $13) 7. c3 $5
(7. Nc3 $5 d6 8. h5 (8. d5 Ne5 $14) 8... e5 9. dxe5 dxe5 10. Qxd8 Nxd8 11. Nfd5
c6 12. Ne7+ Kf7 13. Nxc8 Rxc8 $14 {Tregubov Inf 56/97/}) 7... Qe8 (7... d6 $6
8. Qb3+ Kh8 9. h5 $16) 8. Na3 $5 $146 Qf7 9. h5 e6 (9... e5 $6 10. dxe5 Nxe5
11. Nb5 d6 12. Nd5 Ne8 13. Bg5 Nc6 14. Nf4 $16 {Lavrov,A-Nikulshin,K Lipetsk
1993/}) 10. hxg6 hxg6 11. Nh3 $6 (11. d5 $5 Nd8 (11... Ne5 12. Nb5 Ne8 13. Qb3
$16) 12. Nc4 d6 13. dxe6 Nxe6 14. Na5 $14) 11... d6 12. Ng5 Qe7 13. Bd2 Bd7 14.
Qb3 (14. Qc2 d5 15. Bf4 e5 $10) 14... Rab8 15. O-O-O Na5 $5 (15... d5 16. Bf4
Rfc8 $13) 16. Qc2 b5 17. e4 c5 $13 18. dxc5 dxc5 19. Qd3 b4 $2 (19... Rfd8 $13
20. Qe2 b4 21. Nc4 $6 Bb5 22. b3 Bxc4 23. bxc4 bxc3 24. Bxc3 Qb7 $19) 20. Nc4
fxe4 $6 (20... Bb5 21. Qd6 Qxd6 22. Nxd6 $16) 21. Bxe4 Nxe4 22. Qxe4 $18 Nxc4
23. Qxg6 $1 (23. Qxg6 Rf6 24. Rh8+ $1 Kxh8 25. Qh7#) 1-0

[Event "NOR-ch"]
[Site "Kristiansund"]
[Date "1992.??.??"]
[Round "1"]
[White "Johannessen, Svein"]
[Black "Djurhuus, Rune"]
[Result "0-1"]
[WhiteElo "2340"]
[BlackElo "2405"]
[Annotator "Bulletin"]
[PlyCount "74"]
[EventDate "1992.??.??"]
[EventType "swiss"]
[EventRounds "9"]
[EventCountry "NOR"]
[SourceTitle "TD"]
[Source "ChessBase"]
[SourceDate "1994.03.01"]
[SourceVersion "1"]
[SourceVersionDate "1994.03.01"]
[SourceQuality "1"]

1. Nf3 f5 2. d4 Nf6 3. g3 g6 {Leningradvarianten i Hollandsk.} 4. Bg2 Bg7 5.
O-O O-O 6. b3 {Et motetrekk.} d6 7. Bb2 c6 8. Nbd2 h6 {9.Te1!? med ideen 10.e4.
} 9. e3 Qe8 10. Qe2 g5 {Svart prKver lykken pÅ kongeflKyen. Hvits naturlige
plan er bruddet e4.} 11. e4 fxe4 12. Nxe4 Nxe4 (12... Qh5 13. Nxf6+ Bxf6 14.
Qe3 {Hvit stÅr vel OK!?}) 13. Qxe4 Bf5 14. Qe2 Nd7 (14... Qg6 15. Qxe7 Nd7 16.
Ba3 {Hvit ser ut til Е klare seg.}) 15. Nd2 Qg6 16. Be4 $2 {Etter avbytte av
hvitfeltslKpere har svart bekvemt spill. Særlig er Lb2 et sKrgelig syn.} (16.
Rac1 Rae8 17. Nc4 d5 18. Ne3 e5 {Uklart, men neppe dÅrlig for svart.}) 16...
Bxe4 17. Qxe4 (17. Nxe4 d5 $1 18. Nd2 Qxc2 {Hvit fryktet dette hvis han hadde
slÅtt pÅ e4 med hesten fKrst.}) 17... Qxe4 18. Nxe4 {[#]} c5 $6 {Ser sterkt ut,
men svart har noe enda bedre:} (18... d5 $1 19. Nd2 c5 20. c3 cxd4 $1 {Enkelt
og meget bra. Svart hadde tenkt mest pÅ:} (20... e5 21. dxc5 Nxc5 22. Ba3 Rfc8
23. Bxc5 Rxc5 24. c4 $1 {Hvit har lKst alle problemer og stÅr nÅ best.}) 21.
cxd4 Nb8 {Svart har klar fordel pga. hvits svake bonde pÅ d4.}) 19. Rad1 $1 (
19. c3 $6 cxd4 20. cxd4 Nb6 21. Rac1 Rac8 {Svart har klar fordel.}) (19. Rfd1
$2 d5 $1 20. Nc3 (20. Nd2 cxd4 21. Nf3 e5) 20... Bxd4 21. Nxd5 Bxb2 22. Nxe7+
Kf7 23. Rxd7 Bxa1 {Derfor flyttet hvit a-tÅrnet til d1.}) 19... b5 $1 {Ellers
fÅr hvit spilt c4.} 20. Bc3 $6 {Ser litt poenglKst, særlig siden svart gjerne
vil ha bonden til b4.} b4 (20... d5 21. dxc5 $1 {er bra for hvit.}) 21. Ba1
cxd4 22. Bxd4 Rac8 $1 {Svart stÅr bra pga. hvits mindreverdige bondestruktur.}
23. Bxg7 Kxg7 24. Rd2 (24. Rd4 Rxc2 25. Rxb4 Nb6 $1 {(Truer 26...d5 med
springerfangst.)} 26. Rd1 Rxa2 {Svart har en sunn merbonde.}) 24... g4 {
Fastlegger bonden pÅ f2.} (24... Nb6 25. g4 {er ikke sÅ klart.}) 25. Kg2 {
Med ideen f4.} (25. Rc1 Nb6 26. c4 d5 $1 {Hesten er fanget midt pÅ brettet.})
25... Ne5 26. Rfd1 (26. Rc1 Nf3 27. Re2 (27. Rd3 Rxc2 28. Rxc2 Ne1+ {Svart
vinner en viktig bonde.}) 27... d5 28. Nd2 e5 {Etter 29...e4 kan hvit begynne
Е tenke pÅ Е gi opp.}) (26. h3 Nf3 27. Re2 h5 {Klar fordel til svart.}) 26...
Rc6 $1 {Truer ganske enkelt Е doble i c-linjen.} 27. Rd4 a5 28. a3 {Det eneste.
} (28. Rd5 Rxc2 29. Rxa5 Re2 30. Rd4 Nc6) 28... Nf3 $1 29. Rc4 (29. Rd5 Rxc2
30. Rxa5 Re2 {vinner for svart.}) 29... Rxc4 30. bxc4 bxa3 31. h3 h5 32. c5 d5
$2 (32... dxc5 33. Nxc5 Rc8 {er mye bedre.}) 33. Nc3 e6 34. hxg4 $4 {Åpner
h-linjen med dKdelig utgang for hvit. Korrekt er 34.Ta1 med en gang. Da har
hvit gode overlevelsesmuligheter.} hxg4 35. Ra1 {NÅ avgjKr svart tvangsmessig
med en liten kombi.} d4 $1 36. Na4 {[#]} d3 $1 {Tar feltet d3 fra den hvite
kongen.} 37. cxd3 Rh8 {Svart blir matt, taper tÅrnet eller mÅ la a-bonden gÅ
inn til ny dronning.} 0-1

[Event "POL-ch 52nd"]
[Site "Warsaw"]
[Date "1995.??.??"]
[Round "16"]
[White "Czerwonski, Aleksander"]
[Black "Grabarczyk, Bogdan"]
[Result "1-0"]
[WhiteElo "2370"]
[BlackElo "2375"]
[Annotator "Bulletin"]
[PlyCount "73"]
[EventDate "1995.02.11"]
[EventType "tourn"]
[EventRounds "17"]
[EventCountry "POL"]
[EventCategory "8"]
[SourceTitle "EXT 1999"]
[Source "ChessBase"]
[SourceDate "1998.11.16"]
[SourceVersion "1"]
[SourceVersionDate "1998.11.16"]
[SourceQuality "1"]

1. d4 f5 2. g3 Nf6 3. Bg2 g6 4. c3 Bg7 5. Nd2 Na6 $6 6. Ngf3 c5 7. O-O O-O 8.
Nc4 cxd4 9. cxd4 d6 10. a3 Be6 11. b3 Qd7 12. Bb2 Rac8 13. d5 $1 Bf7 (13...
Nxd5 14. Bxg7 Kxg7 15. Ng5 Nac7 16. Qd4+ Rf6 17. e4 fxe4 (17... Nb5 18. Nxe6+
Qxe6 19. Qxd5 $18) 18. Nxe4 Nb5 19. Qb2 $16) 14. Ng5 Nc5 15. a4 Be8 16. Ne6
Nxe6 17. dxe6 Qxe6 18. Bxb7 Bc6 19. Bxc8 Rxc8 20. Rc1 f4 21. Na5 Ba8 22. Qd3
Rf8 23. Nc6 fxg3 24. hxg3 Qh3 25. Bxf6 Bxf6 26. b4 Kg7 27. b5 a6 28. Rc4 Bb7
29. Qe4 h5 30. bxa6 Bxa6 31. Rb1 h4 32. Rb3 Rc8 33. a5 Rc7 34. Qd5 Ra7 35. Rb8
hxg3 36. Qg8+ Kh6 37. Qh8+ (37. Qh8+ Bxh8 38. Rxh8+ Kg7 39. Rxh3 Bxc4 40. Nxa7
$18) 1-0

[Event "Plovdiv"]
[Site "Plovdiv"]
[Date "1986.07.??"]
[Round "2"]
[White "Kirov, Nino"]
[Black "Barbero, Gerardo F"]
[Result "1-0"]
[WhiteElo "2485"]
[BlackElo "2520"]
[Annotator "Bulletin"]
[PlyCount "97"]
[EventDate "1986.06.24"]
[EventType "tourn"]
[EventRounds "11"]
[EventCountry "BUL"]
[EventCategory "10"]
[SourceTitle "EXT 2000"]
[Source "ChessBase"]
[SourceDate "1999.11.16"]
[SourceVersion "1"]
[SourceVersionDate "1999.11.16"]
[SourceQuality "1"]

1. Nf3 f5 2. g3 Nf6 3. Bg2 g6 4. O-O Bg7 5. d4 O-O 6. b3 c5 7. e3 Ne4 8. Bb2 d5
9. Ne5 Nc6 10. f3 Ng5 11. h4 Nf7 12. f4 Be6 13. Nc3 cxd4 14. exd4 Rc8 15. Re1
Nfxe5 16. dxe5 Nb4 17. a3 Qb6+ 18. Kh2 Nxc2 19. Qxc2 d4 20. Rac1 dxc3 (20...
Bxb3 $4 21. Qxb3+ Qxb3 22. Bd5+) 21. Bxc3 Bxb3 22. Qb2 Qe6 23. Bb4 Ba4 24. Bxb7
Rb8 25. Qg2 Rfd8 26. Rc5 Qb6 27. Qa2+ e6 $2 28. Bc6 $1 Bxc6 29. Qxe6+ Kh8 30.
Qxc6 Bf8 31. Qxb6 Rxb6 32. Rc4 Bxb4 33. Rxb4 Rd2+ 34. Kh3 Rc6 35. Rb8+ Kg7 36.
Rb7+ Kh6 37. Rxa7 Rcc2 38. Rh1 Re2 39. a4 Ra2 40. a5 Rab2 41. Rc7 Ra2 42. h5
Rg2 (42... Rxa5 43. hxg6 hxg6 44. g4 $1 $18) 43. hxg6 hxg6 44. Rf7 Rgf2 45. e6
g5 46. Rxf5 gxf4 47. Kg4+ Kg7 48. Rg5+ Kf8 49. Rh7 1-0

[Event "German Masters (Women) 1st"]
[Site "Dresden"]
[Date "2014.11.19"]
[Round "3"]
[White "Kachiani Gersinska, Ketino"]
[Black "Schleining, Zoya"]
[Result "1-0"]
[WhiteElo "2342"]
[BlackElo "2351"]
[Annotator "CB"]
[PlyCount "77"]
[EventDate "2014.11.17"]
[EventType "tourn"]
[EventRounds "9"]
[EventCountry "GER"]
[EventCategory "4"]
[SourceTitle "CBM 163 Extra"]
[Source "ChessBase"]
[SourceDate "2014.12.23"]
[SourceVersion "1"]
[SourceVersionDate "2014.12.23"]
[SourceQuality "1"]

1. d4 d6 2. Nf3 f5 {ein Holländer steht auf dem Programm. Sicher eine
Überraschung für Ketino, der sie aber sehr souverän begegnet.} 3. g3 Nf6 4.
Bg2 g6 5. b4 {ein sehr selten gespielter Zug in dieser Stellung, jedoch mit
einer unglaublich Quote von 83% für Weiß.} Bg7 6. Bb2 Nbd7 {dieser Zug hatte
mich während der Partie sehr gewundert, da das Feld e6 doch sehr geschwächt
wird.} (6... O-O 7. c4 c6 8. O-O Na6 9. Qb3 {so wurde bisher deutlich
häufiger fortgesetzt.}) 7. Nbd2 a5 8. b5 a4 $1 {aus meiner Sicht, war das ein
guter Zug, da er das weiße a2-a4 aus der Stellung nimmt und den Bauer auf b5
ein wenig isoliert.} 9. Ba3 (9. a3 {auch so hätte man dem schwarzen a4-a3
ebenfalls begegnen können.}) 9... O-O 10. c4 Re8 11. O-O e5 12. dxe5 dxe5 13.
e4 f4 {dieser Zug ist sehr verpflichtend, eventuell hätte Schwarz die
Spannung im Zentrum halten sollen.} (13... Nb6 14. c5 fxe4 15. Ng5 e3 16. fxe3
Nbd5 {eine andere Option, die der Partie eine neue Wendung gegeben hääte.})
14. c5 fxg3 15. hxg3 Nf8 16. Qc2 Ng4 17. Nc4 Qf6 18. b6 c6 {Die schwarze Lage
ist bereits sehr bedrohlich, das Feld d6 ist einladenden für den Springer und
Schwarz ist schlecht etwickelt.} 19. Bb2 a3 20. Bxa3 Be6 21. Nd6 {jetzt kann
der Läufer auf a3 nicht geschlagen werden, da der Turm auf e8 hängt. Die
weiße Stellung ist bereits gewonnen.} Re7 22. Bc1 Bh6 23. Bb2 Rxa2 24. Rxa2
Bxa2 25. Ra1 Be6 26. Ra7 Qg7 27. Qc3 Rd7 28. Nxe5 Nxe5 29. Qxe5 Qxe5 30. Bxe5
Bd2 31. Rxb7 Bb4 32. Rxd7 Nxd7 33. b7 Bxc5 34. Ne8 Kf7 35. Nf6 Nxe5 36. b8=Q
Nd3 37. Nxh7 Bxf2+ 38. Kh2 Kg7 39. Ng5 {Ketino verwertete die Stellung
souveränd und ist somit zurück im Turnier.} 1-0

[Event "Leipzig Einladungsturnier-17"]
[Site "Leipzig"]
[Date "1978.12.09"]
[Round "6"]
[White "Knaak, Rainer"]
[Black "Casper, Thomas"]
[Result "1-0"]
[WhiteElo "2520"]
[BlackElo "2315"]
[Annotator "ChessBase"]
[PlyCount "53"]
[EventDate "1978.12.04"]
[EventType "tourn"]
[EventRounds "11"]
[EventCountry "DDR"]
[EventCategory "6"]
[SourceTitle "EXT 1999"]
[Source "ChessBase"]
[SourceDate "1998.11.16"]
[SourceVersion "1"]
[SourceVersionDate "1998.11.16"]
[SourceQuality "1"]

1. d4 {Baumbach} f5 2. g3 Nf6 3. Bg2 g6 4. h4 d6 5. Nh3 c6 6. Nd2 Bg7 7. c3 e5
$2 {Ein zwar naheliegender, aber trotzdem zweifelhafter Zug, weil nach der
Antwort die schwarze Stellung im Zentrum sehr anfällig wird.} (7... Nbd7 $142 {
Baumbach} 8. Nf4 Nb6) (7... Na6 $142 {Baumbach}) 8. Nc4 $1 exd4 $6 (8... e4 {
Baumbach} 9. Bf4 $1) 9. Bf4 $1 O-O 10. Nxd6 {/\ Qb3+} Be6 11. Ng5 Qe7 12. Nxe6
Qxe6 13. cxd4 Nd5 $6 {In der misslichen Lage unternimmt Schwarz einen Versuch
zu verwickeln.} 14. Nxb7 Nxf4 15. gxf4 Qc4 16. Kf1 $1 Bxd4 17. Rc1 Qb4 18. a3
$1 Qxb2 (18... Qxb7 {Baumbach} 19. Qxd4) 19. h5 $1 a5 $6 20. hxg6 hxg6 21. Rh3
$1 Bf6 {Wegen des drohenden 22.Rb3 gab es kaum noch einen befriedigenden Zug.
Jetzt ergreift Weiss die Gelegenheit zu einem eleganten Schlussangriff.} 22.
Bd5+ Kg7 (22... cxd5 {Baumbach} 23. Qxd5+ {/\ 24.Rc7}) 23. Nc5 $1 cxd5 24. Ne6+
Kf7 25. Nxf8 Kxf8 26. Rc8+ Ke7 27. Qxd5 1-0

[Event "Bundesliga 0203"]
[Site "Germany"]
[Date "2002.12.15"]
[Round "6.3"]
[White "Dautov, Rustem"]
[Black "Beim, Valery"]
[Result "1/2-1/2"]
[WhiteElo "2617"]
[BlackElo "2555"]
[Annotator "Dautov,R"]
[PlyCount "79"]
[EventDate "2002.10.19"]
[EventType "team-tourn"]
[EventRounds "15"]
[EventCountry "GER"]
[SourceTitle "CBM 093"]
[Source "ChessBase"]
[SourceDate "2003.04.01"]
[SourceVersion "1"]
[SourceVersionDate "2003.04.01"]
[SourceQuality "1"]
[WhiteTeam "Baden Oos"]
[BlackTeam "Tegernsee"]
[WhiteTeamCountry "GER"]
[BlackTeamCountry "GER"]

1. d4 f5 2. Nf3 Nf6 3. g3 g6 4. b4 $1 {Diese Methode, die Leningrader Variante
zu bekämpfen, erfreut sich in den letzten Jahren großer Beliebheit. Weiß
verbindet sein Fiancchetto mit sofortiger Aktivität auf dem Damenflügel.} Bg7
5. Bb2 d6 6. Nbd2 ({Möglicherweise ist die Zugfolge} 6. c4 O-O 7. Bg2 {genauer,
da der weiße Springer in einigen Varianten auf c3 entwickelt werden kann.})
6... O-O 7. c4 e5 {Das sofortige Gegenspiel im Zentrum erscheint logisch, kann
aber nicht alle schwarzen Probleme lösen.} (7... Qe8 8. Qc2 $14) 8. dxe5 Ng4 9.
Qb3 Nxe5 10. Bg2 Nbc6 11. O-O Nxf3+ (11... Be6 12. Nxe5 dxe5 (12... Nxe5 $2 13.
Bxb7 Rb8 14. Bd5 $16) 13. Rad1 $14) (11... Kh8 12. b5 Nxf3+ 13. Nxf3 $14) 12.
Nxf3 Bxb2 13. c5+ $1 {Ein wichtiger Zwischenzug.} Rf7 (13... Be6 14. Qxe6+ Kh8
15. Rad1 Re8 16. Qb3 Bg7 (16... Rxe2 $2 17. Rde1 Rxe1 18. Qxb2+ Re5 19. b5 $18)
17. cxd6 cxd6 18. e3 $14) 14. Qxb2 dxc5 15. bxc5 ({In Frage kam das
provisorische Bauernopfer} 15. b5 $5 Nd4 16. Rfd1 (16. Ne5 Qf6 17. f4 Re7 18.
e3 Ne6 $13) (16. Rac1 $5 Ne6 17. Ne5 Rf8 18. Nd3 Qd6 19. Qb3 $36) 16... Nxf3+
17. Bxf3 Qe7 18. Bd5 Be6 19. Bxb7 Rb8 20. Bc6 a6 21. a4 $14) 15... Qf6 16. Rab1
$14 {[%cal Rb1b7] ><b7 Die Schwäche b7 hindert Schwarz daran, seine
Entwicklung zu beenden.} Rb8 17. e3 (17. Rfc1 f4 $1) 17... Qxb2 (17... b6 18.
Qxf6 Rxf6 19. Nd4 (19. Rfc1 bxc5 20. Rxb8 Nxb8 21. Rxc5 Rc6 $11) 19... Nxd4 20.
exd4 Ba6 21. Rfc1 $14) 18. Rxb2 Re7 19. Rd1 $2 {Dieser automatische Zug
erweist sich als falsch. Weiß sollte durch den Druck auf der c-Linie das
befreiende b7-b6 verhindern: 19.Rc1!} (19. Rc1 $1 Bd7 20. Nd2 {Auf diese
schöne Umgruppierung verwies nach der Partie Peter Svidler. Schwarz kommt
nicht zu b7-b6.} Be8 21. Nc4 $14) 19... Bd7 {/\b6} 20. Nd4 Nxd4 21. Rxd4 b6 $11
{Nun ist der Turm b8 befreit und das Leiden für Schwarz hat ein Ende.} 22. a4
a5 (22... Be8 $11) 23. Bf1 Kg7 24. cxb6 cxb6 25. Bb5 Bxb5 26. Rxb5 Rc7 27. Kg2
Rbb7 28. Kf3 $6 (28. h3 $142) 28... Rc2 $6 (28... Rc5 $11) 29. h3 Ra2 $6 30.
Kg2 (30. Rf4 {/\g4} Rc2 31. g4 Rc5 $11) 30... Rc2 31. Rd6 Rc4 32. Rdxb6 Rxb6
33. Rxb6 h5 34. Ra6 Rxa4 35. Kf3 Kh6 36. h4 Kg7 37. Kg2 Ra2 38. Kf3 Ra4 39. Kg2
Ra2 40. Kf3 1/2-1/2